| 000 | 01449cam a22004097a 4500 | ||
|---|---|---|---|
| 003 | CHAP | ||
| 005 | 20220329141208.0 | ||
| 008 | 971010s1972 r 00010 d | ||
| 010 | _a64160 | ||
| 011 | _a65132 | ||
| 035 | _a71380 | ||
| 040 | _cCHAP | ||
| 090 | _aTesis | ||
| 100 | 0 | 0 |
_aFigueroa Sandoval, Benjamín. _940839 |
| 245 | 0 | _aInteracción densidad de población, distancia entre surcos y fertilización nitrogenada en los híbridos de maíz H-29 y H-110E en Chapingo, Méx. | |
| 260 |
_aChapingo, Méx. : _bEl autor, _c1972 |
||
| 300 | _a124 h | ||
| 500 | _aFotocopia | ||
| 502 | _aTesis (Ing. Agr. Esp. en Suelos) -- ENA. Departamento de Suelos | ||
| 590 |
_aALEPH _b10 _c20130110 _lUCH01 _h1350 |
||
| 590 |
_aBATCH-UPD _b10 _c20130110 _lUCH01 _h0645 |
||
| 590 |
_aBATCH-UPD _b10 _c20130110 _lUCH01 _h2320 |
||
| 590 |
_aBATCH-UPD _b10 _c20130410 _lUCH01 _h0329 |
||
| 590 |
_aBATCH-UPD _b10 _c20130914 _lUCH01 _h1406 |
||
| 590 |
_aCONVERSION _b10 _c20130109 _lUCH01 _h1335 |
||
| 650 | 1 | 4 |
_aFertilizantes nitrogenados. _940596 |
| 650 | 1 | 4 |
_aMaíz _xEspaciamiento. _970946 |
| 650 | 1 | 4 |
_aMaíz _xHíbridos. _970974 |
| 650 | 1 | 4 |
_aMaíz _zMéxico (Edo.). _971099 |
| 650 | 1 | 4 |
_aNitrógeno _xEfecto en maíz. _981447 |
| 710 | 0 |
_aENA. Departamento de Suelos. _936705 |
|
| 901 | _aBK | ||
| 942 | _cFOLL | ||
| 949 |
_bBC _cTES _d-149518 _eTS1 _i71380 _si |
||
| 949 |
_bBC _cTES _d-149519 _eTS2 _fc.2 _i71380 _si |
||
| 949 |
_bS _cTESBD _d-3999 _eTS1 _i71380 _si |
||
| 999 |
_c64160 _d64160 |
||